Fearful: (Record no. 9563)
[ view plain ]
| 000 -LEADER | |
|---|---|
| fixed length control field | 01181nam a22002297a 4500 |
| 001 - CONTROL NUMBER | |
| control field | 9563 |
| 003 - CONTROL NUMBER IDENTIFIER | |
| control field | FISKH |
| 005 - DATE AND TIME OF LATEST TRANSACTION | |
| control field | 20260123141949.0 |
| 008 - FIXED-LENGTH DATA ELEMENTS--GENERAL INFORMATION | |
| fixed length control field | 260123b cb ||||| |||| 00| 0 eng d |
| 020 ## - INTERNATIONAL STANDARD BOOK NUMBER | |
| International Standard Book Number | 9781398535763 |
| 040 ## - CATALOGING SOURCE | |
| Original cataloging agency | FISKH |
| Language of cataloging | eng |
| Transcribing agency | FISKH |
| Modifying agency | FISKH |
| 050 ## - LIBRARY OF CONGRESS CALL NUMBER | |
| Classification number | PZ7 .R5936 |
| 082 ## - DEWEY DECIMAL CLASSIFICATION NUMBER | |
| Edition number | |
| Classification number | 813.00 |
| 100 ## - MAIN ENTRY--PERSONAL NAME | |
| Personal name | Roberts, Lauren |
| 245 ## - TITLE STATEMENT | |
| Title | Fearful: |
| Remainder of title | A powerless story / |
| Statement of responsibility, etc. | Lauren Roberts |
| 260 ## - PUBLICATION, DISTRIBUTION, ETC. | |
| Place of publication, distribution, etc. | London : |
| Name of publisher, distributor, etc. | Simon & Schuster, |
| Date of publication, distribution, etc. | 2025. |
| 300 ## - PHYSICAL DESCRIPTION | |
| Extent | 276 pages : |
| Other physical details | color illustrations ; |
| Dimensions | 25 cm |
| 520 ## - SUMMARY, ETC. | |
| Summary, etc. | Mara never intended to set foot in Ilya again. But when the king makes a life-altering decision, her interest is piqued, and Death is determined to understand Kitt Azer's mind if he is destined to join her in the Mors.Spending time with the king while observing the castle's inhabitants reminds Mara that there is more to life than just death. There is love. But even the purest of intentions spur revenge and the pursuit of power. And fate will have its way with all of them to live, to rule, to love, and most certainly, to die... |
| 650 ## - SUBJECT ADDED ENTRY--TOPICAL TERM | |
| Topical term or geographic name entry element | Enemies to Lovers |
| Form subdivision | Young Adult |
| General subdivision | Fantasy Romance |
| Chronological subdivision | Special Edition |
| 942 ## - ADDED ENTRY ELEMENTS (KOHA) | |
| Source of classification or shelving scheme | Dewey Decimal Classification |
| Koha item type | Books |
| Suppress in OPAC | No |
| Withdrawn status | Lost status | Source of classification or shelving scheme | Damaged status | Not for loan | Collection | Home library | Current library | Shelving location | Date acquired | Total Checkouts | Full call number | Barcode | Date last seen | Copy number | Price effective from | Koha item type |
|---|---|---|---|---|---|---|---|---|---|---|---|---|---|---|---|---|
| Dewey Decimal Classification | Fiction | Footprints International School Library Network Toul Kork Campus | Footprints International School Library Network Toul Kork Campus | A TK Campus, 4th Floor, Room B401, Fiction Bookcases (1-6) | 01/23/2026 | ROB 813.00 PZ7 .R5936 | 2026-0080 | 01/23/2026 | 1 | 01/23/2026 | Books |
